| 000 | 00642nam a2200229 4500 | ||
|---|---|---|---|
| 003 | OSt | ||
| 005 | 20260601170956.0 | ||
| 008 | 260505b2002\\\\caua||||\||||\00|\0\eng\d | ||
| 040 |
_aICI _bspa _cICI |
||
| 041 | _aeng | ||
| 050 |
_aNK1390 _bS67 2002 |
||
| 245 |
_aWork book _cpublisher editor Alexis Scott |
||
| 264 |
_aLos Angeles, California : _bScott & Daughters, _c2002 |
||
| 300 |
_a632 páginas _bilustraciones |
||
| 336 |
_atexto _2rdacontent |
||
| 337 |
_asin medio _2rdamedia |
||
| 338 |
_avolumen _2rdacarrier |
||
| 650 |
_aDiseño _92672 |
||
| 650 |
_aDiseñadores _930583 |
||
| 700 | 1 |
_aScott, Alexis, _eeditor |
|
| 942 |
_2lcc _cB _n1 |
||
| 999 |
_c19838 _d19838 |
||